La situación de las mujeres en Centroamérica: una evaluación en el umbral del siglo XXI /
Tallennettuna:
| Päätekijä: | |
|---|---|
| Aineistotyyppi: | Tuntematon |
| Julkaistu: |
San José:
Fundación Género y Sociedad (GESO)
|
| Aiheet: | |
| Tagit: |
Lisää tagi
Ei tageja, Lisää ensimmäinen tagi!
|
MARC
| LEADER | 00000 a2200000 04500 | ||
|---|---|---|---|
| 001 | 11432 | ||
| 003 | |||
| 008 | 991231s d | ||
| 040 | |||
| 090 | |a 139408 | ||
| 100 | |a García Quesada, Ana Isabel | ||
| 245 | |a La situación de las mujeres en Centroamérica: una evaluación en el umbral del siglo XXI / |c Ana Isabel García Quesada | ||
| 260 | |a San José: |b Fundación Género y Sociedad (GESO) | ||
| 300 | |a 234 p. | ||
| 650 | |a MUJERES | ||
| 650 | |a VIOLENCIA | ||
| 650 | |a DERECHOS HUMANOS | ||
| 650 | |a SOCIEDAD CIVIL | ||
| 650 | |a ESTADO | ||
| 650 | |a PARTICIPACION DE LA MUJER | ||
| 999 | |c 15121 |d 15121 | ||
